Financial instruments and institutions : (Record no. 333)

000 -LEADER
fixed length control field 01324cam a2200325 a 4500
001 - CONTROL NUMBER
control field 14620897
003 - CONTROL NUMBER IDENTIFIER
control field OSt
005 - DATE AND TIME OF LATEST TRANSACTION
control field 20140116120824.0
008 - FIXED-LENGTH DATA ELEMENTS--GENERAL INFORMATION
fixed length control field 061102s2007 njua b 001 0 eng
010 ## - LIBRARY OF CONGRESS CONTROL NUMBER
LC control number 2006036780
020 ## - INTERNATIONAL STANDARD BOOK NUMBER
International Standard Book Number 9780470040379
035 ## - SYSTEM CONTROL NUMBER
System control number (OCoLC)ocm76074042
035 ## - SYSTEM CONTROL NUMBER
System control number (OCoLC)76074042
040 ## - CATALOGING SOURCE
Original cataloging agency DLC
Transcribing agency DLC
Modifying agency BAKER
-- BTCTA
-- C#P
-- YDXCP
-- DLC
050 00 - LIBRARY OF CONGRESS CALL NUMBER
Classification number HF5681.F54R93 2007
100 1# - MAIN ENTRY--PERSONAL NAME
Personal name Ryan, Stephen G.
245 10 - TITLE STATEMENT
Title Financial instruments and institutions :
Remainder of title accounting and disclosure rules /
Statement of responsibility, etc Stephen G. Ryan.
250 ## - EDITION STATEMENT
Edition statement 2nd ed.
260 ## - PUBLICATION, DISTRIBUTION, ETC. (IMPRINT)
Place of publication, distribution, etc Hoboken, N.J. :
Name of publisher, distributor, etc John Wiley & Sons,
Date of publication, distribution, etc 2007.
300 ## - PHYSICAL DESCRIPTION
Extent xviii, 510 p. :
Other physical details ill.
504 ## - BIBLIOGRAPHY, ETC. NOTE
Bibliography, etc Includes bibliographical references and index.
650 #0 - SUBJECT ADDED ENTRY--TOPICAL TERM
Topical term or geographic name as entry element Financial instruments
General subdivision Accounting.
650 #0 - SUBJECT ADDED ENTRY--TOPICAL TERM
Topical term or geographic name as entry element Financial institutions
General subdivision Accounting.
856 41 - ELECTRONIC LOCATION AND ACCESS
Materials specified Table of contents only
Uniform Resource Identifier <a href="http://www.loc.gov/catdir/toc/ecip074/2006036780.html">http://www.loc.gov/catdir/toc/ecip074/2006036780.html</a>
856 42 - ELECTRONIC LOCATION AND ACCESS
Materials specified Contributor biographical information
Uniform Resource Identifier <a href="http://www.loc.gov/catdir/enhancements/fy0827/2006036780-b.html">http://www.loc.gov/catdir/enhancements/fy0827/2006036780-b.html</a>
856 42 - ELECTRONIC LOCATION AND ACCESS
Materials specified Publisher description
Uniform Resource Identifier <a href="http://www.loc.gov/catdir/enhancements/fy0827/2006036780-d.html">http://www.loc.gov/catdir/enhancements/fy0827/2006036780-d.html</a>
906 ## - LOCAL DATA ELEMENT F, LDF (RLIN)
a 7
b cbc
c orignew
d 1
e ecip
f 20
g y-gencatlg
942 ## - ADDED ENTRY ELEMENTS (KOHA)
Source of classification or shelving scheme
Koha item type Book
Holdings
Withdrawn status Lost status Source of classification or shelving scheme Damaged status Not for loan Home library Current library Date acquired Source of acquisition Total Checkouts Full call number Barcode Date last seen Date checked out Copy number Price effective from Koha item type
          Riara University Library Riara University Library 17/10/2011 Purchase 1 HF5681.F54R93 2007 1989/11 19/10/2011 19/10/2011 C.1 17/10/2011 Book
          Riara University Library Riara University Library 17/10/2011 Purchase   HF5681.F54R93 2007 1988/11 17/10/2011   C.2 17/10/2011 Book
          Riara University Library Riara University Library 17/10/2011 Purchase 1 HF5681.F54R93 2007 1990/11 11/06/2014 27/05/2014 C.3 17/10/2011 Book

Riara University Library,
P.O. Box 49940-00100,
Nairobi, Kenya.